ბათუმის შოთა რუსთაველის სახელმწიფო უნივერსიტეტის ბიბლიოთეკა

ფიზიკური ქიმია : წიგნი მეორე : სახელმძღვ. / (ბიბ.ჩანაწერი № 37569)

000 -ლიდერი
ფიქსირებული სიგრძის საკონტროლო ველი 00902nam a2200217Ia 4500
001 - საკონტროლო ნომერი
საკონტროლო ველი 3538
003 - საკონტროლო ნომრის იდენტიფიკატორი
საკონტროლო ველი GE_BSU
005 - ბოლო ოპერაციის თარიღი და დრო
საკონტროლო ველი 20190528185310.0
008 - ფიქსირებული სიგრძის მონაცემთა ელემენტები - ზოგადი ინფორმაცია
ფიქსირებული სიგრძის საკონტროლო ველი 181216s1972|||| |||||||||||||| ||geo||
040 ## - კატალოგიზაციის წყარო
Transcribing agency GE_BSU
041 ## - ენის კოდი
Language code of text/sound track or separate title geo
080 ## - უნივერსალური ათობითი კლასიფიკაციის ინდექსი
Universal Decimal Classification number 544(075.8) კ-67
100 ## - მთავარი ჩანაწერი - პიროვნების სახელი
Personal name კოკოჩაშვილი, ვ.
9 (RLIN) 1760
245 ## - ცნობა სათაურის შესახებ
Title ფიზიკური ქიმია : წიგნი მეორე : სახელმძღვ. /
Statement of responsibility, etc ვ. კოკოჩაშვილი ; კ. ჯაფარიძის რედ.- ით.
250 ## - გამოცემის ცნობა
Edition statement მეორე გადამუშ. გამოცემა.
264 ## - წარმოების, გამოცემის, დისტრიბუციის და სხვა ცნობები
გამოცემის, წარმოების, დისტრიბუციის... ადგილი თბილისი :
გამოცემის, წარმოების, დისტრიბუციის... სახელწოდება უნ-ტის გამ-ბა,
გამოცემის, წარმოების, დისტრიბუციის... თარიღი 1972.
300 ## - ფიზიკური აღწერა
Extent 424 გვ .:
Dimensions 22 სმ.
653 ## - INDEX TERM--UNCONTROLLED
Uncontrolled term ფიზიკური ქიმია
700 ## - ADDED ENTRY--PERSONAL NAME
Personal name ჯაფარიძე, კ
Relator term რედაქდციით
9 (RLIN) 1765
942 ## - ADDED ENTRY ELEMENTS (KOHA)
Koha item type წიგნი
Source of classification or shelving scheme
ეგზემპლარები
ჩამოწერის სტატუსი დაკარგული ეგზემპლარის სტატუსი კლასიფიკაციის წყარო ან თაროზე გაწყობის სქემა დაზიანების სტატუსი არ გაიცემა მუდმივი მდებარეობა (დაცვის ადგილი) ამჟამინდელი ადგილსამყოფელი თაროზე განთავსების ადგილი შეძენის თარიღი ღირებულება, შესყიდვის ნორმალური ფასი სრული შენახვის შიფრი შტრიხკოდი ბოლო ოპერაციის თარიღი ეგზემპლარის მიმდევრობითი ნომერი (კეტერი?) ფასის ძალაში შესვლის თარიღი ეგზემპლარის სახეობა საჯარო შენიშვნა
          ტექნოლოგიური ფაკულტეტის ბიბლიოთეკა ტექნოლოგიური ფაკულტეტის ბიბლიოთეკა წიგნსაცავი 2018-12-17 2.00 544(075.8) კ-67 9678 2018-12-17 9678 2018-12-17 წიგნი 2 ლ. 36 თ.
          ტექნოლოგიური ფაკულტეტის ბიბლიოთეკა ტექნოლოგიური ფაკულტეტის ბიბლიოთეკა წიგნსაცავი 2018-12-17 2.00 544(075.8) კ-67 9679 2018-12-17 9679 2018-12-17 წიგნი 2 ლ. 36 თ.
          ტექნოლოგიური ფაკულტეტის ბიბლიოთეკა ტექნოლოგიური ფაკულტეტის ბიბლიოთეკა წიგნსაცავი 2018-12-17 2.00 544(075.8) კ-67 9680 2018-12-17 9680 2018-12-17 წიგნი 2 ლ. 36 თ.